000 00281nam a22001337a 4500
008 181022b xxu||||| |||| 00| 0 eng d
020 _a9780534165666
041 _aeng
080 _26 ed
_a573
100 _a11
101 _aBIO
245 _aBiology
_cRaphl.g
942 _2udc
_cBK
999 _c50499
_d50499